9. Que Malo - Bad Bunny - Estadísticas

Estadísticas generales
  • Esta prueba ha sido intentada 28 veces
  • La puntuación promedio es 328 de 432
Estadísticas de respuestas
% Correcto
a
100%
de
100%
e
100%
el
100%
malo
100%
me
100%
mi
100%
no
100%
que
100%
te
100%
y
100%
da
96%
darte
96%
dejaste
96%
del
96%
eras
96%
gatito
96%
gusta
96%
gustaba
96%
mia
96%
por
96%
porque
96%
sabiendo
96%
se
91%
tenias
91%
en
87%
la
83%
lo
83%
ti
83%
tu
83%
es
74%
pero
74%
casa
70%
iba
70%
yo
70%
dejo
65%
esta
65%
hace
65%
si
65%
cuando
61%
entera
61%
na
61%
pena
61%
salsa
61%
sin
61%
soltera
61%
tiempo
61%
uno
61%
bellaqueo
57%
cabron
57%
castigarte
57%
con
57%
encantaba
57%
los
57%
prohibido
57%
real
57%
creo
52%
dando
52%
eh
52%
ella
52%
eres
52%
ey
52%
le
52%
life
52%
quiere
52%
sube
52%
baby
48%
cuarto
48%
diabla
48%
diablo
48%
flow
48%
hoy
48%
piel
48%
puso
48%
una
48%
bandidos
43%
busca
43%
cojone
43%
como
43%
dijo
43%
ese
43%
gustan
43%
loca
43%
loco
43%
maleanteo
43%
nunca
43%
pa
43%
perreo
43%
vampira
43%
bellaqueando
39%
dices
39%
este
39%
g4
39%
hay
39%
mintio
39%
o
39%
sabe
39%
ser
39%
sigue
39%
soy
39%
tiene
39%
valery
39%
venganza
39%
ver
39%
yeh
39%
andaba
35%
carro
35%
chingar
35%
escondio
35%
expira
35%
fui
35%
llamando
35%
mai
35%
metio
35%
nuevo
35%
partio
35%
pega
35%
perdon
35%
pide
35%
quedarme
35%
quiera
35%
sintoma
35%
bellaquera
30%
bicho
30%
dime
30%
estas
30%
mario
30%
noche
30%
poner
30%
quien
30%
sintio
30%
van
30%
voa
30%
volver
30%
ya
30%
acordo
26%
compartio
26%
mami
26%
trepo
26%
al
22%
algo
22%
puse
13%
lanza
9%
tambien
9%
huh
4%
tiende
4%
tineteo
0%
No se encontraron pruebas coincidentes
Distribución de puntuación
Porcentaje de gente con cada puntuación
Porcentaje por número respondido
Historial de tus puntuaciones
No has intentado esta prueba.